Stress analysis of the F-7 Drag chute developmant hook in impact failure (Record no. 325989)
[ view plain ]
| 000 -LEADER | |
|---|---|
| fixed length control field | 00394 a2200133 4500 |
| 001 - CONTROL NUMBER | |
| control field | 90916 |
| 082 ## - DEWEY DECIMAL CLASSIFICATION NUMBER | |
| Classification number | PR 1005 |
| 090 ## - LOCALLY ASSIGNED LC-TYPE CALL NUMBER (OCLC); LOCAL CALL NUMBER (RLIN) | |
| -- | 43050 |
| -- | 43050 |
| 100 ## - MAIN ENTRY--PERSONAL NAME | |
| Personal name | Waqar Yousafzai; Prof KHalid Mehmood Tahir |
| 245 ## - TITLE STATEMENT | |
| Title | Stress analysis of the F-7 Drag chute developmant hook in impact failure |
| Number of part/section of a work | 30th'A' EC |
| 260 ## - PUBLICATION, DISTRIBUTION, ETC. | |
| Place of publication, distribution, etc. | Karachi |
| Name of publisher, distributor, etc. | NED University |
| Date of publication, distribution, etc. | 1989 |
| 300 ## - PHYSICAL DESCRIPTION | |
| Extent | v;43p |
| 500 ## - GENERAL NOTE | |
| General note | BE Project reports |
| 942 ## - ADDED ENTRY ELEMENTS (KOHA) | |
| Institution code [OBSOLETE] | CAE NUST |
| Call number prefix | PR 1005 |
| Withdrawn status | Lost status | Damaged status | Not for loan | Collection code | Permanent Location | Current Location | Date acquired | Total Checkouts | Full call number | Barcode | Date last seen | Price effective from | Koha item type |
|---|---|---|---|---|---|---|---|---|---|---|---|---|---|
| College of Aeronautical Engineering (CAE) | College of Aeronautical Engineering (CAE) | 04/03/2017 | PR 1005 | CAEPR-1005 | 04/05/2017 | 04/05/2017 | Book |
